Catálogo
 En Linea
Vista normal Vista MARC

Entrada Nombre personal

Número de registros utilizados en: 23

001 - NÚMERO DE CONTROL

  • campo de control: 31875

003 - IDENTIFICADOR DEL NÚMERO DE CONTROL

  • campo de control: BNPHU

005 - FECHA Y HORA DE LA ÚLTIMA TRANSACCIÓN

  • campo de control: 20240226131943.0

008 - DATOS DE LONGITUD FIJA

  • campo de control de longitud fija: 200615|| aca||aabn | a|a d

040 ## - FUENTE DE LA CATALOGACIÓN

  • Centro catalogador/agencia de origen: DO-SdBNP
  • Lengua de catalogación: spa
  • Centro/agencia transcriptor: BNPHU
  • Normas de descripción: rda

100 1# - ENCABEZAMIENTO-NOMBRE DE PERSONA

  • Nombre de persona: Avelino, Andrés,
  • Fechas asociadas al nombre: 1900-1974

370 ## - LUGAR ASOCIADO

  • Lugar de nacimiento: San Fernando de Monte Cristi (República Dominicana)

372 ## - CAMPO DE ACTIVIDAD

  • Campo de actividad: Escritor
  • Campo de actividad: Poeta

374 ## - OCUPACIÓN

  • Ocupación: Físico
  • Ocupación: Matemático

375 ## - GÉNERO/SEXO

  • Género/Sexo: Masculino

377 ## - LENGUA/LENGUAJE ASOCIADO

  • Código del idioma: spa

400 1# - TRAZADO DE VÉASE--NOMBRE DE PERSONA

  • Nombre de persona: García Solano, Andrés Avelino,
  • Fechas asociadas al nombre: 1900-1974

400 1# - TRAZADO DE VÉASE--NOMBRE DE PERSONA

  • Nombre de persona: Solano, Andrés Avelino García,
  • Fechas asociadas al nombre: 1900-1974

400 1# - TRAZADO DE VÉASE--NOMBRE DE PERSONA

  • Nombre de persona: Avelino García, Andrés,
  • Fechas asociadas al nombre: 1900-1974

400 1# - TRAZADO DE VÉASE--NOMBRE DE PERSONA

  • Nombre de persona: Andrés Avelino,
  • Fechas asociadas al nombre: 1900-1974

670 ## - FUENTE DE DATOS ENCONTRADOS

  • Cita de la fuente: García de la Concha, Osvaldo, 1878-1930 31873, La cósmica, 1932.

670 ## - FUENTE DE DATOS ENCONTRADOS

  • Cita de la fuente: Andrés Avelino, el más grande filósofo dominicano, 2007

670 ## - FUENTE DE DATOS ENCONTRADOS

  • Cita de la fuente: Una carta a Maritain, 2007

Con tecnología Koha